| 000 | 00708cam a2200253 4500 | ||
|---|---|---|---|
| 008 | 090401t1993 xxu||||| |||| 00| 0 eng d | ||
| 020 | _a0117528307 | ||
| 035 | _a(Sirsi) u68596 | ||
| 041 | _aeng | ||
| 050 | _a306.1 | ||
| 110 |
_aUnited Kingdom _bDepartment of the Environment _9982 |
||
| 245 | 4 | _aThe local house condition surveys: guidance manual. | |
| 260 |
_aLondon _bHMSO _c1993 |
||
| 300 | _a4 booklets in box ; 30cm. | ||
| 350 | _a49 | ||
| 520 | _aPart 3 is Briefing Notes for Surveyors. | ||
| 650 | _aHOUSE CONDITION SURVEYS | ||
| 650 | _aHOUSES | ||
| 650 | _aLOCAL HOUSE CONDITION SURVEYS | ||
| 650 | _aSTRUCTURAL SURVEYS | ||
| 690 | _aHOUSING | ||
| 942 | _n0 | ||
| 948 | _c04/03/1997 | ||
| 999 |
_c95124 _d95124 |
||